El sueño de Monturiol (Record no. 94103)

MARC details
000 -LEADER
campo de control de longitud fija 00944nam a2200277 i 4500
001 - NÚMERO DE CONTROL
campo de control 94103
003 - IDENTIFICADOR DE NÚMERO DE CONTROL
campo de control ES-MaACL
005 - FECHA Y HORA DE LA ÚLTIMA TRANSACCIÓN
campo de control 20230906181409.0
007 - CAMPO FIJO DE DESCRIPCIÓN FÍSICA--INFORMACIÓN GENERAL
campo de control de longitud fija t|
008 - DATOS DE LONGITUD FIJA--INFORMACIÓN GENERAL
campo de control de longitud fija 050621s2004 sp ||||1| spa d
020 ## - NÚMERO INTERNACIONAL ESTÁNDAR DEL LIBRO
Número Internacional Estándar del Libro 84-306-0562-2
080 ## - NÚMERO DE LA CLASIFICACIÓN DECIMAL UNIVERSAL
Número de la Clasificación Decimal Universal 929 Monturiol, Narciso
080 ## - NÚMERO DE LA CLASIFICACIÓN DECIMAL UNIVERSAL
Número de la Clasificación Decimal Universal 629.585(460)(091)
100 1# - ENTRADA PRINCIPAL--NOMBRE DE PERSONA
Nombre de persona Stewart, Matthew.
9 (RLIN) 108189
245 13 - MENCIÓN DEL TÍTULO
Título El sueño de Monturiol
Resto del título : la extraordinaria historia del inventor del submarino que quiso salvar el mundo /
Mención de responsabilidad, etc. Matthew Stewart ; traducción de María Osorio Pitarch.
260 ## - PUBLICACIÓN, DISTRIBUCIÓN, ETC.
Lugar de publicación, distribución, etc. [Madrid] :
Nombre del editor, distribuidor, etc. Taurus,
Fecha de publicación, distribución, etc. [2004]
300 ## - DESCRIPCIÓN FÍSICA
Extensión 408 p. :
Otras características físicas il. ;
Dimensiones 24 cm.
490 1# - MENCIÓN DE SERIE
Mención de serie Taurus historia
504 ## - NOTA DE BIBLIOGRAFÍA, ETC.
Nota de bibliografía, etc. Bibliografía: p. 387-394.
600 14 - PUNTO DE ACCESO ADICIONAL DE MATERIA--NOMBRE DE PERSONA
Nombre de persona Monturiol, Narciso.
9 (RLIN) 82760
650 14 - PUNTO DE ACCESO ADICIONAL DE MATERIA--TÉRMINO DE MATERIA
Término de materia o nombre geográfico como elemento de entrada Submarinos-
Subdivisión geográfica España-
Subdivisión general Historia.
9 (RLIN) 17237
700 1# - ENTRADA AGREGADA--NOMBRE PERSONAL
Nombre de persona Osorio Pitarch, María.
9 (RLIN) 87776
830 0# - PUNTO DE ACCESO ADICIONAL DE SERIE-TÍTULO UNIFORME
Título uniforme Taurus historia
9 (RLIN) 180684
852 ## - LOCALIZACIÓN
Ubicación ES-MaACL
Número de control de estantería L-29181
Sublocalización o colección R.135795
Holdings
Estatus retirado Estado de pérdida Estado de daño No para préstamo Biblioteca de origen Biblioteca actual Ubicación en estantería Fecha de adquisición Fuente de adquisición Total de préstamos Signatura topográfica completa Código de barras Visto por última vez Precio de reemplazo Tipo de ítem Koha
        Biblioteca del Ateneo de Madrid Biblioteca del Ateneo de Madrid Depósito 2 17/01/2008     L-29181 1098283 23/02/2023 23/02/2023 Libro impreso